Gaming Quiz

Random Gaming or Video Games Quiz

Name the Video Game Quiz Stats

 Plays Quiz Updated Jan 22, 2015

Score 0/30 Timer 07:00
24 Plays Today
Characters Game % Correct
Bowser, Wario, LuigiSuper Mario Bros.
99.2%
Pikachu, Squirtle, Professor OakPokémon
90.1%
Link, Ganondorf, TingleThe Legend of Zelda
83.7%
Dr. Ivo Robotnik, Amy Rose, Knuckles the Echidna Sonic the Hedgehog
77.5%
Scorpion, Sub-Zero, Johnny CageMortal Kombat
77.4%
Master Chief, Cortana, Avery JohnsonHalo
75.3%
Solid Snake, Big Boss, Gray FoxMetal Gear
71.2%
Ryu, Ken, RetsuStreet Fighter
68%
Cloud Strife, Aeris Gainsborough, SephirothFinal Fantasy
64.6%
Diddy, Dixie, CrankyDonkey Kong
63.3%
Samus Aran, Ridley, Mother BrainMetroid
61.4%
Falco Lombardi, Peppy Hare, Wolf O'DonnellStar Fox
58.9%
Simon Belmont, Dracula, AlucardCastlevania
50.1%
Jill Valentine, Chris Redfield, Barry Burton Resident Evil
49.1%
Protoman, Rush, Dr. WilyMega Man
48.8%
Characters Game % Correct
Tommy Vercetti, Frank Tenpenny, Dimitri RascalovGrand Theft Auto
48.7%
Gordon Freeman, Barney Calhoun, Isaac KleinerHalf-Life
45.1%
Sora, Riku, KairiKingdom Hearts
41.9%
Aku Aku, Dr. Neo Cortex, Ripper RooCrash Bandicoot
40.7%
Marcus Fenix, Dominic Santiago, Damon BairdGears of War
37.8%
Little Mac, Bald Bull, Don FlamencoMike Tyson's Punch-Out
35.3%
Mr. Dark, Admiral Razorbeard, The RabbidsRayman
32.8%
Arthur, Cervantes, SophitiaSoulcalibur
30.1%
Jack, Kazuya Mishima, KunimitsuTekken
29.7%
Kasumi, Hitomi, HelenaDead or Alive
19.8%
Joey Martin, Dimitri Volsky, Jack EvansCall of Duty
19.2%
Artanis, Sarah Kerrigan, Samir DuranStarcraft
18.2%
Demitri Maximoff, Felicia, BishamonDarkstalkers
9.9%
Terry Bogard, Kyo Kusanagi, Iori YagamiKing of Fighters
9.9%
Jimmy Patterson, Manon Batiste, Mike PowellMedal of Honor
6.5%

You're not logged in!

Compare scores with friends on all Sporcle quizzes.
OR
Log In

Sporcle TV

Today on Sporcle TV


Watch our educational content, quiz creation guides, and fun videos on Sporcle TV.

Show Comments

Extras

Top Quizzes Today


Score Distribution

Your Account Isn't Verified!

In order to create a playlist on Sporcle, you need to verify the email address you used during registration. Go to your Sporcle Settings to finish the process.

Report this User

Report this user for behavior that violates our Community Guidelines.

Details: